01129nas a2200289 4500001001300000003000900013005001700022007000300039008003400042040005400076041000900130072000800139100002200147100001600169245020000185650001000385650002300395650002100418650002300439650001400462773009500476856003400571909004000605942001800645999001900663952015700682BR2019000619BR-BrBNA20231205131625.0ta230509b bl.|||p| |||| 00| 00por d aBR-BrBNAbporcBiblioteca Nacional de Agricultura a(En) aH201 aOliveira, M.L. de1 aMenge, J.A.1 aComparative effects of metalaxyl, Fosetyl-Al and cuprous oxide on the life cycles and control of Phytophtophthora palmivora, P. capsici and P. citrophthora on cacao seedlings (Theobroma cacao L.) aCACAU aDOENÇA DE PLANTA aPODRIDÃO PARDA aCONTROLE QUÍMICO aFUNGICIDA0 tAgrotrópica (Brazil)xISSN 0103-3816 g(May-Aug 1998), v. 10(2) p. 103-118wBR201900061940dLink DSPACE/MAPA BR2019000619 a202311bLúciac55dLúcia Elande 2AGRISn0cANA c255772d255772 002AGRIS4071a41918b41918cPeriódicos Agrícolash(May-Aug 1998), v. 10(2) p. 103-118l0r2023-11-29t01yCRePortaria Interministerial nº 164/94